000 00955nam a2200241Ia 4500
003 OSt
005 20220923211939.0
006 a|||||r|||| 00| 0
007 ta
008 220922b |||||||| |||| 00| 0 hin d
024 _a74,659
037 _cTextual
040 _aARTS
_cARTS
_bhin
041 _2hin
_ahin
082 _aR625x5,1, 152L7
100 _aझा, रूदधर; तेलग, कान्तानाथ शास्त्री
_9161749
245 0 _aतर्क भाषा
_b श्री केशव मिश्र प्रणीता
246 _aTarka bhāṣhā: shrī keshav mishra praṇītā
260 _aवाराणसी
_b चौखम्बा संस्कृत सीरीज
_c1997
300 _a222पृ.
_ccm.
942 _hR625x5,1, 152L7
_cTEXL
_2CC
999 _c304784
_d304784